El camarero /
El camarero, es un juego de mesa que pone a prueba la memoria, agilidad mental y atención al detalle. Inspirado en la destreza de los camareros para recordar pedidos complejos, los jugadores deben memorizar combinaciones de entradas, platos principales, guarniciones, postres y bebidas, y luego servi...
Gorde:
| Egile nagusia: | |
|---|---|
| Beste egile batzuk: | |
| Formatua: | Objektu fisikoa |
| Hizkuntza: | gaztelania |
| Argitaratua: |
Buenos Aires, Argentina :
Maldón,
|
| Gaiak: | |
| Etiketak: |
Etiketarik gabe, Izan zaitez lehena erregistro honi etiketa jartzen!
|
MARC
| LEADER | 00000nrm^a2200000^a^4500 | ||
|---|---|---|---|
| 001 | 000616326 | ||
| 005 | 20250929000000.0 | ||
| 009 | 20260310133719.979 | ||
| 037 | |a Acervo ITESO - Biblioteca | ||
| 041 | |a ESP | ||
| 091 | |a JUE. 0102 | ||
| 100 | |a Argiz, Christian |e (autor) | ||
| 245 | 1 | 3 | |a El camarero / |c C. Argiz ; il. de N. Rodríguez. |
| 264 | 4 | |a Buenos Aires, Argentina : |b Maldón, | |
| 300 | |a 1 juego (50 cartas de pedidos, 50 cartas de comidas, 20 fichas de quejas, 1 timbre, 1 reglamento, 1 estuche) ; |c 14.0 x 27.0 x 4.5 cm. | ||
| 336 | |a forma objetual tridimensional |b tdf |2 rdacontenido | ||
| 337 | |a sin mediación |b n |2 rdamedio | ||
| 338 | |a otro (juego) |b nz |2 rdasoporte | ||
| 520 | |a El camarero, es un juego de mesa que pone a prueba la memoria, agilidad mental y atención al detalle. Inspirado en la destreza de los camareros para recordar pedidos complejos, los jugadores deben memorizar combinaciones de entradas, platos principales, guarniciones, postres y bebidas, y luego servirlos correctamente cuando salen de la cocina; si alguien se equivoca, otro jugador puede corregirlo y ganar puntos extra. Las partidas duran aproximadamente 30 minutos, para 2 a 10 jugadores y recomendado a partir de los 8 años. Entre los materiales que lo integran, cuenta con un reglamento que explica la dinámica del juego. | ||
| 649 | |a XX | ||
| 650 | |a Meseros - |x Tema Principal | ||
| 650 | |a Cafeterías y Restaurantes | ||
| 650 | |a Desarrollo Psicomotriz y Perceptual | ||
| 650 | |a Juegos de Mesa - |x Tema Principal | ||
| 650 | |a Juegos Mentales | ||
| 650 | |a Juegos Competitivos | ||
| 650 | |a Juegos | ||
| 650 | |a Party (Juegos) | ||
| 650 | |a Ocio y Tiempo Libre | ||
| 700 | |a Rodríguez, Nacho |e (ilustración) | ||
| 910 | |a Fondo General | ||
| 920 | |a Volumétricos - Juegos Préstamo Interno | ||
| 930 | |a Juegos Préstamo Interno | ||
| 905 | |a 601 | ||
| 901 | |a 616326-10 |b IT2 |c LUI |i C190330 |u 20250929 | ||
| 902 | |a https://opac.biblio.iteso.mx/vufind/Record/000616326 | ||